000 00490nam a2200181Ia 4500
005 20250326123942.0
008 250326s9999 xx 000 0 und d
037 _aTextbook
040 _aFMSL
_beng
_cFMSL
041 _aeng
_2eng
084 _aT48 L2
_qFMSL
100 _aClark P A
_9736478
245 0 _aAction research and organizational change
_cClark P A
260 _aNY
_bNY, Harper & Row
_c1972
300 _a172p
942 _cTB
_hT48 L2
999 _c1271624
_d1271624